[Event "IND-chB (Women) 34th"]
[Site "Hyderabad"]
[Date "2007.05.21"]
[Round "?"]
[White "Preetika, Tayal"]
[Black "Tejaswini, Reddy S"]
[Result "1-0"]
[WhiteElo "1815"]
[BlackElo "1987"]
[PlyCount "59"]
[EventDate "2007.05.21"]
[EventType "swiss"]
[EventRounds "11"]
[EventCountry "IND"]
[SourceTitle "EXT 2010"]
[Source "ChessBase"]
[SourceDate "2010.11.25"]
[SourceVersion "1"]
[SourceVersionDate "2010.11.25"]
[SourceQuality "1"]

1. e4 c5 2. Nf3 d6 3. g3 g6 4. Bg2 Bg7 5. 0-0 Nf6 6. d3 0-0 7. a4 Nc6 8. Nbd2 Rb8 9. c3 Ne8 10. Nc4 Be6 11. Ne3 Qb6 12. Nd2 Ne5 13. Ndc4 Nxc4 14. dxc4 Qd8 15. f4 f6 16. f5 Bf7 17. b3 a6 18. fxg6 hxg6 19. Ng4 Kh7 20. Bd2 Be6 21. Bh3 Qc8 22. Kg2 Qc6 23. Qe2 Bd7 24. Nf2 Rh8 25. Bxd7 Qxd7 26. Qg4 Qc6 27. Nh3 f5 28. Ng5+ Kg8 29. Qf3 fxe4 30. Qf7# 1-0

[Event "Asia-ch U20 Girls"]
[Site "New Delhi"]
[Date "2006.11.09"]
[Round "3.6"]
[White "Preetika, Tayal"]
[Black "Gomes, Mary Ann"]
[Result "0-1"]
[WhiteElo "1806"]
[BlackElo "2264"]
[PlyCount "80"]
[EventDate "2006.11.07"]
[EventType "swiss"]
[EventRounds "9"]
[EventCountry "IND"]
[SourceTitle "CBM 115 Extra"]
[Source "ChessBase"]
[SourceDate "2007.01.10"]
[SourceVersion "1"]
[SourceVersionDate "2007.01.10"]
[SourceQuality "1"]

1. e4 c5 2. Nf3 d6 3. g3 Nf6 4. d3 Nc6 5. Bg2 g6 6. 0-0 Bg7 7. a4 0-0 8. Nbd2 d5 9. Re1 h6 10. c3 e5 11. b3 Be6 12. Ba3 b6 13. Rc1 dxe4 14. dxe4 Qc7 15. Qc2 Rfd8 16. Rcd1 Rac8 17. Nf1 Na5 18. N3d2 Qc6 19. Bc1 b5 20. Ne3 bxa4 21. bxa4 c4 22. Ba3 Rd7 23. Bf1 Bf8 24. Bb4 Bxb4 25. cxb4 Rxd2 26. Rxd2 Nb3 27. b5 Qc5 28. Rdd1 Nd4 29. Qb1 Nf3+ 30. Kh1 Nxe1 31. Rxe1 c3 32. Rc1 Ng4 33. Nxg4 Bxg4 34. Qc2 Rd8 35. Qxc3 Qxf2 36. Bg2 Rd2 37. Rg1 Bh3 38. Qf3 Bxg2+ 39. Qxg2 Qe3 40. Qf1 Rf2 0-1